UBT Library

Reading lists for college-bound students / (Record no. 39027)

000 -LEADER
fixed length control field 00698pam a2200217 a 4500
001 - CONTROL NUMBER
control field 2976434
005 - DATE AND TIME OF LATEST TRANSACTION
control field 20171215081432.0
008 - FIXED-LENGTH DATA ELEMENTS--GENERAL INFORMATION
fixed length control field 920326s1993 nyu b 000 0 eng
010 ## - LIBRARY OF CONGRESS CONTROL NUMBER
LC control number 92010227
020 ## - INTERNATIONAL STANDARD BOOK NUMBER
International Standard Book Number 0671847120 :
Terms of availability $10.00
040 ## - CATALOGING SOURCE
Original cataloging agency DLC
Transcribing agency DLC
Modifying agency DLC
041 ## - LANGUAGE CODE
Language code of text/sound track or separate title eng
080 ## - UNIVERSAL DECIMAL CLASSIFICATION NUMBER
Universal Decimal Classification number 028.535 DOU
082 00 - DEWEY DECIMAL CLASSIFICATION NUMBER
Classification number 028.535 DOU
Edition number 20
100 1# - Rafti
Rafti 46
101 ## - Shkurtesa
Shkurtesa EDU
245 10 - TITLE STATEMENT
Title Reading lists for college-bound students /
Statement of responsibility, etc Doug Estell, Michele L. Satchwell, Patricia S. Wright.
906 ## - LOCAL DATA ELEMENT F, LDF (RLIN)
a 7
b cbc
c orignew
d 1
e ocip
f 19
g y-gencatlg
942 ## - ADDED ENTRY ELEMENTS (KOHA)
Source of classification or shelving scheme
Item type Books
Holdings
Withdrawn status Lost status Source of classification or shelving scheme Damaged status Not for loan Permanent location Current location Date acquired Total Checkouts Full call number Barcode Date last seen Price effective from Koha item type
          UBT - Lipjan UBT - Lipjan 12/15/2017   028.535 DOU 002-2939505 12/15/2017 12/15/2017 Books
UBT Library © 2015-2024. All rights reserved University Education for Business and Technology